| 000 | 00622nam a2200181 i 4500 | ||
|---|---|---|---|
| 001 | 74613 | ||
| 003 | ES-MaACL | ||
| 005 | 20230906172204.0 | ||
| 007 | t| | ||
| 008 | 040920s1906 sp |||| | spa d | ||
| 100 | 1 |
_aGonzález y Maroto, Fernando. _959035 |
|
| 245 | 1 | 0 |
_aManual de legislación sobre pesca marítima / _cpor Fernando González y Maroto y Miguel Sánchez Jiménez. |
| 260 |
_aMadrid : _b[s.n., _c1906] ( _fImp. de Huérfanos del S.C. de Jesús) |
||
| 300 |
_a686 p. ; _c20 cm. |
||
| 650 | 4 |
_aPesca- _xDerecho- _zEspaña. _9170628 |
|
| 700 | 1 |
_aSánchez Jiménez, Miguel. _9102714 |
|
| 852 |
_aES-MaACL _jB-7998 |
||
| 999 |
_c74613 _d74613 |
||